The reluctant witness. (Record no. 13167)

000 -LEADER
fixed length control field 00668nam a2200205 a 4500
001 - CONTROL NUMBER
control field :::00010985$&:&@@
003 - CONTROL NUMBER IDENTIFIER
control field OkBaRHE
005 - DATE AND TIME OF LATEST TRANSACTION
control field 20000607103404.0
008 - FIXED-LENGTH DATA ELEMENTS--GENERAL INFORMATION
fixed length control field s1975 j 000 0 eng u
020 ## - INTERNATIONAL STANDARD BOOK NUMBER
International Standard Book Number 0805455507
040 ## - CATALOGING SOURCE
Transcribing agency
100 1# - MAIN ENTRY--PERSONAL NAME
Personal name Chafin, Kenneth.
245 14 - TITLE STATEMENT
Title The reluctant witness.
260 ## - PUBLICATION, DISTRIBUTION, ETC. (IMPRINT)
Place of publication, distribution, etc Nashville, TN., :
Name of publisher, distributor, etc Broadman Press
Date of publication, distribution, etc 1975
300 ## - PHYSICAL DESCRIPTION
Extent 143 p. ;
Dimensions 21 cm.
650 ## - SUBJECT ADDED ENTRY--TOPICAL TERM
Topical term or geographic name as entry element Witness Bearing (Christianity)
942 ## - ADDED ENTRY ELEMENTS (KOHA)
Source of classification or shelving scheme
Koha item type Books
Copies
Lost status Copy number Damaged status Shelving location Koha item type Price effective from Not for loan Withdrawn status Date acquired Date last seen Source of classification or shelving scheme Permanent Location Full call number Barcode
 1 General StacksBooks2010-04-14  2010-04-142010-04-14 RHEMA Bible Training CollegeBV 4520 .C510985
 2 General StacksBooks2010-04-14  2010-04-142010-04-14 RHEMA Bible Training CollegeBV 4520 .C520652